00947nam a2200217Ia 4500008004100000020001500041050002200056082002200078100002500100240005100125245008600176250001800262260004300280300004200323500006500365505020900430650001300639650001400652650002200666700004100688120622s2001 mx a 000 0 spa d a9706860525 aQC23 bH4218 2001 a530 bH447fu 2001 aHecht, Eugeneeautor aPhysics: Algebra and Trig vol 1 y 2lespañol aFundamentos de física c / Eugene Hecht ; traducción Virgilio González Pozo a2a. edición aMéxico b : Thomson Learningc, 2001 axiii, 382 páginasb : ilustraciones aIncluye: apéndices (pp. A1-A12) Incluye: índice (I1-I4) aIntroducción a la física I Interacciones mecánicas. fuerzas y movimiento Interacciones térmicas, procesos termodinámicos y máquinas térmicas Iteraciones eléctricas Estructura de materia  0aFÍSICA 0aÁLGEBRA 0aFISICA MATEMATICA1 aGonzález Pozo, Virgilioetraductor